000 00303nam a22001337a 4500
008 171215b xxu||||| |||| 00| 0 eng d
020 _a9781133308003
041 _aeng
080 _23RD
_a37
100 _a46
101 _aEDU
245 _aACTIVE SKILLS FOR READING 1
_cANDERSON.N.J
942 _2udc
_cBK
999 _c39048
_d39048